Modern MOS technology : Processes, devices, and design

Guardat en:
Dades bibliogràfiques
Autor principal: Ong, DeWitt G.
Format: Llibre
Idioma:Undetermined
Publicat: New York McGraw-Hill Book Company 1984
Matèries:
Etiquetes: Afegir etiqueta
Sense etiquetes, Sigues el primer a etiquetar aquest registre!
Thư viện lưu trữ: Trung tâm Học liệu Trường Đại học Cần Thơ
LEADER 00574nam a2200205Ia 4500
001 CTU_82569
008 210402s9999 xx 000 0 und d
082 |a 621.381 
082 |b O.58 
100 |a Ong, DeWitt G. 
245 0 |a Modern MOS technology : 
245 0 |b Processes, devices, and design 
245 0 |c DeWitt G. Ong 
260 |a New York 
260 |b McGraw-Hill Book Company 
260 |c 1984 
650 |a Metal oxide semiconductors 
650 |x Integrated circuits 
904 |i QHieu(sửa) 
980 |a Trung tâm Học liệu Trường Đại học Cần Thơ